Further Testimony on S. 1816, a Bill To Provide for the Economic Development and Management of the Resources of Individual Indians and Indian Tribes, and for Other Purposes.

Bibliographic Details
Corporate Author: United States. Congress. Senate. Committee on Public Lands. Subcommittee on Indian Affairs (other agent associated with work.)
Format: eBook
Language:English
Published: [Washington : U.S. G.P.O.], 1968.
Subjects:
Online Access:Electronic resource (PDF)

MARC

Tag First Indicator Second Indicator Subfields
LEADER 00000cam a22000001i 4500
001 in00004118708
005 20200117084553.0
006 m d f
007 cr bn mmmapmmp
008 091109s1968 dcu o f000 0 eng d
035 |a cis2007526121 
040 |a UMI  |b eng  |e rda  |c UMI  |d UtOrBLW 
110 1 |a United States.  |b Congress.  |b Senate.  |b Committee on Interior and Insular Affairs,  |e issuing body.  |0 http://id.loc.gov/authorities/names/n79043127 
245 1 0 |a Further Testimony on S. 1816, a Bill To Provide for the Economic Development and Management of the Resources of Individual Indians and Indian Tribes, and for Other Purposes. 
264 1 |a [Washington :  |b U.S. G.P.O.],  |c 1968. 
300 |a 111 pages, digital, PDF file. 
336 |a text  |2 rdacontent  |b txt 
337 |a computer  |b c  |2 rdamedia 
338 |a online resource  |2 rdacarrier  |b cr 
500 |a Record is based on bibliographic data in ProQuest Congressional Hearings Digital Collection (last viewed July 2018) Reuse except for individual research requires license from ProQuest, LLC. 
538 |a System requirements: PDF reader software. 
500 |a Electronic resource. 
650 0 |a Indians of North America  |x Claims.  |0 http://id.loc.gov/authorities/subjects/sh85065228 
650 0 |a Economic development.  |0 http://id.loc.gov/authorities/subjects/sh85040804 
651 0 |a Apache Tribe of Oklahoma.  |0 http://id.loc.gov/authorities/names/nr2001008571 
710 1 |a United States.  |b Congress.  |b Senate.  |b Committee on Public Lands.  |b Subcommittee on Indian Affairs,  |e other agent associated with work.  |0 http://id.loc.gov/authorities/names/n2004102388 
776 0 8 |a United States. Congress. Senate. Committee on Interior and Insular Affairs  |t Further Testimony on S. 1816, a Bill To Provide for the Economic Development and Management of the Resources of Individual Indians and Indian Tribes, and for Other Purposes  |o 90 SIni-T.60 
730 0 |a ProQuest U.S. Congressional Hearings Digital Collection. 
856 4 0 |u http://proxy.library.tamu.edu/login?url=http://congressional.proquest.com/congcomp/getdoc?HEARING-ID=HRG-1968-INS-0033  |y Electronic resource (PDF)  |t 0 
999 f f |s f3afc15e-edb4-3fd2-85e1-1f82d661965b  |i 9b390e8f-6ccb-3283-a7ca-24ba4a41c9c6  |t 0 
952 f f |a Texas A&M University  |b College Station  |c Electronic Resources  |d Available Online  |t 0  |h No information provided 
998 f f |t 0  |l Available Online